000 00561nam a2200181 i 4500
001 57713
003 ES-MaACL
005 20230906163628.0
007 t|
008 031017s1967 sp ||||1| spa d
100 1 _aDrane, James.
_945586
245 1 3 _aLa Rusia actual
_b: viaje de un sacerdote norteamericano /
_cJames Drane ; [traducción de Emma Gifré].
250 _a[1ª ed.].
260 _aBarcelona :
_bJuventud,
_c[1967]
300 _a189 p., 8 lám. ;
_c23 cm.
700 1 _aGifre de Martinell, Emma.
_956703
852 _aES-MaACL
_jC-33163
_bR.63810
999 _c57713
_d57713